Detalles MARC
| 000 -LIDER |
| fixed length control field |
01014nam a22003257a 4500 |
| 001 - NÚMERO DE CONTROL |
| Identificador de número de control |
8719 |
| 003 - IDENTIFICACDOR DE NÚMERO DE CONTROL |
| control field |
DO-SdBNP |
| 005 - DATE AND TIME OF LATEST TRANSACTION |
| control field |
20180126102125.0 |
| 007 - CAMPOS FIJOS DE DESCRIPCIÓN FÍSICA |
| fixed length control field |
8719 |
| 008 - ELEMENTOS DE LONGITUD FIJA |
| fixed length control field |
000426s2000 sp | ||| ||spa |
| 016 7# - NO. DE CONTROL DE LA AGENCIA BIB. NACIONAL |
| Source |
BPMSU |
| 020 ## - ISBN |
| International Standard Book Number |
8437617901 |
| 040 ## - FUENTE DE CATALOGACIÓN |
| Agencia que crea de manera original el registro |
BPMSU |
| Idioma de catalogación |
spa |
| Agencia que realiza la transcripción |
BPMSU |
| 041 1# - CÓDIGOS DE OBRAS TRADUCIDAS O EN VARIOS IDIOMAS |
| Código del idioma del texto/archivo de sonido o separata |
spa |
| 100 1# - ASIENTO PRINCIPAL -- NOMBRE PERSONAL |
| Nombre personal |
Mamet, David |
| Fechas asociadas con el nombre |
1947- |
| 240 10 - TITULO UNIFORME |
| Título uniforme |
Glengarry Glen Ross |
| Idioma de una obra |
Español |
| 245 10 - MENCIÓN DE TITULO |
| Título |
Glengarry Glen Ross : |
| Subtítulo |
Casa de juegos/ |
| Mención de responsabilidad |
David Mamet ; edición de Catalina Buezo ; traducción de Catalina Buezo y Elizabeth Gray |
| 260 ## - PUBLICACIÓN, DISTRIBUCIÓN, ETC. (PIE DE IMPRENTA) |
| Lugar de publicación, distribución, etc |
Madrid : |
| Nombre del editor, distribuidor, etc. |
Cátedra |
| Fecha de publicación, distribución, etc |
2000 |
| 300 ## - DESCRIPCIÓN FÍSICA |
| Extensión |
271 p. : |
| Dimensiones |
20 cm. |
| 440 #0 - MENCIÓN DE SERIE/ENTRADA SECUNDARIA--TÍTULO |
| Título |
Letras universales |
| Número de volumen/designación secuencial |
293 |
| 490 ## - MENCIÓN DE SERIES |
| Mención de serie |
Letras universales |
| Volume/sequential designation |
293 |
| 700 1# - ASIENTO SECUNDARIO -- NOMBRE PERSONAL |
| Nombre personal |
Mamet, David |
| Fechas asociadas con el nombre |
1947- |
| Título de una obra |
House of games |
| Idioma de una obra |
Español |
| 700 1# - ASIENTO SECUNDARIO -- NOMBRE PERSONAL |
| Nombre personal |
Buezo, Catalina |
| Mención de responsabilidad |
ed. |
| 700 1# - ASIENTO SECUNDARIO -- NOMBRE PERSONAL |
| Nombre personal |
Gray, Elizabeth |
| Mención de responsabilidad |
tr. |
| 740 01 - ASIENTO SECUNDARIO DE TÍTULOS RELACIONADOS O ANALÍTICOS NO CONTROLADOS |
| Título analítico o relacionado no controlado |
Casa de juegos. |
| 830 ## - ASIENTO SECUNDARIO DE SERIE--TÍTULO UNIFORME |
| Nombre de la parte o sección de una obra |
Letras universales |
| Volume number/sequential designation |
293 |
| 942 ## - ADDED ENTRY ELEMENTS (KOHA) |
| Source of classification or shelving scheme |
Dewey Decimal Classification |
| Koha item type |
Libros |
| 945 ## - INFORMACIÓN DE PROCESAMIENTO LOCAL |
| Información de procesamiento local |
Inventariado extranjero / 2018 VM |
| 956 ## - LOCAL ELECTRONIC LOCATION AND ACCESS (OCLC) |
| Nombre de host |
VMATEO |
| Método de acceso |
10 |
| Materiales especificados |
20151110 |
| Enlace |
BPMSU |
| Campo enlazado y núm. de secuencia |
00151 |